| 000 | 00525nam a2200157Ia 4500 | ||
|---|---|---|---|
| 008 | 151021s9999 xx 000 0 und d | ||
| 020 | _a766845044 | ||
| 050 | _aRA 976 .G 82 2005 | ||
| 245 | _a_Lab Manual to Accompany Essentials of Health Information management ,Principles and practices/ Michelle A. Green | ||
| 260 | _aMexico : Delmar Cengage learning, 2005 | ||
| 300 | _ax,107 p. | ||
| 500 | _aIncludes index | ||
| 500 | _aIncludes index | ||
| 650 | _a_Health Information | ||
| 980 | _a^d20130506 03:20:38^oanne | ||
| 999 |
_c13052 _d13052 |
||